000 00891nam a2200253Ia 4500
003 OSt
005 20220923211048.0
006 a|||||r|||| 00| 0
007 ta
008 220922b |||||||| |||| 00| 0 hin d
020 _a8176750875 (hbk)
_c150
024 _a235,064
037 _b415, 28/02/2008, University Book House
_cTextual
040 _aARTS
_cARTS
_bhin
041 _2hin
_ahin
082 _aT2:(Y), 152P3-;2
100 _aभादू, राजाराम
_9157802
245 0 _aशिक्षा के सामाजिक सरोकार
246 _aShikṣhā ke sāmājik sarokāra
260 _aपंचकूला
_b आधार प्रकाशन
_c2003
300 _a136पृ.
_ccm.
942 _hT2:(Y), 152P3-;2
_cTEXL
_2CC
999 _c294730
_d294730